| 000 | 02298cam a22004095i 4500 | ||
|---|---|---|---|
| 999 |
_c27707 _d27678 |
||
| 001 | 14199481 | ||
| 003 | EG-ScBUE | ||
| 005 | 20191027132535.0 | ||
| 008 | 051214r20092005enka f b 001 0 eng d | ||
| 020 | _a1850437580 (hbk.) | ||
| 020 | _a9781850437581 (hbk.) | ||
| 035 | _a(OCoLC)ocm60560922 | ||
| 040 |
_aUKM _beng _erda _cUKM _dBWKUK _dBAKER _dIXA _dDLC _dEG-ScBUE |
||
| 043 | _aa-tu--- | ||
| 082 | 0 | 4 |
_a322.109561 _bATA _222 |
| 100 | 1 |
_aAtasoy, Yıldız, _d1961- _eauthor. |
|
| 245 | 1 | 0 |
_aTurkey, Islamists and democracy : _btransition and globalization in a Muslim State / _cYildiz Atasoy. |
| 250 | _aReprinted edition. | ||
| 264 | 1 |
_aLondon ; _aNew York : _bI. B. Tauris, _c2009. |
|
| 300 |
_axii, 227 pages : _billustrations ; _c24 cm. |
||
| 336 |
_2rdacontent _atext _btxt |
||
| 337 |
_2rdamedia _aunmediated _bn |
||
| 338 |
_2rdacarrier _avolume _bnc |
||
| 490 | 0 |
_aLibrary of modern Middle East studies ; _v48 |
|
| 500 | _aReprinted for First edition 2005. | ||
| 504 | _aIncludes bibliographical references and index. | ||
| 505 | 0 | _aIslam in global politics: theoretical perspectives -- A secular vision of modernity -- The Islamist search for selfhood -- The Cold War and the creation of a national bourgeoisie -- The Islamist national view -- Cosmopolitan Islamists and globalization -- Turkish Islamists in the post-Cold War state system. | |
| 520 | _aTurkey, Islamists and Democracy is the story of Islam's engagement with the reorganization of the global economy. Yildiz Atasoy examines the development of political Islam in Turkey within the context of the changing balance of domestic and international forces in the world economy and shows how it has taken on a highly sophisticated, cosmopolitan edge. By examining the incorporation of Islam into the existing. | ||
| 650 | 7 |
_aIslam and state. _2BUEsh |
|
| 650 | 7 |
_aIslam and state _zTurkey. _2BUEsh _915624 |
|
| 653 |
_bBUSBOL _bMASPPSS _cOctober2019 |
||
| 655 | _vReading book | ||
| 856 | 4 | 2 |
_3Contributor biographical information _uhttp://www.loc.gov/catdir/enhancements/fy0627/2005296783-b.html |
| 856 | 4 | 2 |
_3Publisher description _uhttp://www.loc.gov/catdir/enhancements/fy0627/2005296783-d.html |
| 856 | 4 | 1 |
_3Table of contents only _uhttp://www.loc.gov/catdir/enhancements/fy0627/2005296783-t.html |
| 942 |
_2ddc _cBB |
||